Zmena sumy zrážok vykonávaných z dôchodkov od 1. júla 2013
Od 1. júla 2013 nadobudlo účinnosť opatrenie Ministerstva práce, sociálnych vecí a rodiny Slovenskej republiky č. 186/2013 Z. z. o úprave súm životného minima. Na základe tohto opatrenia sa s účinnosťou od 1. júla 2013 považuje za životné minimum jednej plnoletej fyzickej osoby suma 198,09 eur mesač...
Guardado en:
| Autor principal: | |
|---|---|
| Formato: | Capítulo de libro |
| Lenguaje: | eslovaco |
| Materias: | |
| Etiquetas: |
Sin Etiquetas, Sea el primero en etiquetar este registro!
|
MARC
| LEADER | 00000nla a2200000 4500 | ||
|---|---|---|---|
| 001 | 0177971 | ||
| 005 | 20220729105257.0 | ||
| 041 | 0 | |a slo | |
| 044 | |a SK | ||
| 245 | 1 | 0 | |a Zmena sumy zrážok vykonávaných z dôchodkov od 1. júla 2013 |c Ľudmila Grauzelová |
| 520 | |a Od 1. júla 2013 nadobudlo účinnosť opatrenie Ministerstva práce, sociálnych vecí a rodiny Slovenskej republiky č. 186/2013 Z. z. o úprave súm životného minima. Na základe tohto opatrenia sa s účinnosťou od 1. júla 2013 považuje za životné minimum jednej plnoletej fyzickej osoby suma 198,09 eur mesačne. | ||
| 610 | 2 | 0 | |a poistenie sociálne |
| 610 | 2 | 0 | |a minimum existenčné |
| 610 | 2 | 0 | |a potreby sociálne |
| 610 | 2 | 0 | |a dôchodky |
| 610 | 2 | 0 | |a mzdy |
| 610 | 2 | 0 | |a zrážky zo mzdy |
| 610 | 2 | 0 | |a zákony |
| 100 | 1 | |a Grauzelová, Ľudmila | |